00417nam a2200145Ia 4500008004100000041000900041082001500050100002800065245002200093260003200115300000700147650000800154999001700162952009200179230718s9999 xx 000 0 und d aEng. a297bYAS-A aYaseen, Peof. Muhammad  2aA Glance at Islom aPakistanbWalay Stonsc2001 a86 aLaw c26454d26454 00104070aSIRC-LbSIRC-Ld2023-07-18l0o297 YAS-Ap21406r2023-07-18w2023-07-18yBK